| 000 | 00773nam a2200205 a 4500 | ||
|---|---|---|---|
| 005 | 20210219160212.0 | ||
| 008 | 080925s1964 mx r 000 0 spa d | ||
| 035 | _aUPN01000160843 | ||
| 049 | _aUNE | ||
| 080 | _a378:5 (6) =20 ENS. | ||
| 111 | 2 |
_aSeminar on the Teaching of Basic Sciences in African Universities _d(1962 : _cRabat) |
|
| 245 | 1 | 4 |
_aThe Teaching of sciences in african universities / _cSeminar on the Teaching of BasicSciences in African Universities (Rabat: 1962). |
| 260 |
_aParís : _bUNESCO, _c1964. |
||
| 300 |
_a112 p. : _bil. |
||
| 440 | 4 | _aThe development of higher education | |
| 690 | _aEnseñanza de la ciencia - Universidades - Africa | ||
| 690 | _aAfrica - Enseñanza de la ciencia - Universidades | ||
| 710 | 2 | _aUNESCO | |
| 905 | _aUNESCO | ||
| 999 |
_c132956 _d132956 |
||